Central Library OPAC University of Rajshahi

Income, employment, and the price level : (Record no. 4085)

MARC details
000 -LEADER
fixed length control field 00689nam a2200217 a 4500
001 - CONTROL NUMBER
control field 4085
003 - CONTROL NUMBER IDENTIFIER
rucl marc code BD-RjUL
005 - DATE AND TIME OF LATEST TRANSACTION
control field 20211208233830.0
008 - FIXED-LENGTH DATA ELEMENTS--GENERAL INFORMATION
fixed length control field 160808s1951 nyua 000 0 eng
035 ## - SYSTEM CONTROL NUMBER
System control number (BD-RjUL)4119
040 ## - CATALOGING SOURCE
Original cataloging agency DLC
Transcribing agency CarP
Modifying agency DLC
-- BD-RjUL
Language of cataloging eng
041 ## - LANGUAGE CODE
Language code of text/sound track or separate title eng
082 ## - DEWEY DECIMAL CLASSIFICATION NUMBER
Edition number 23
Author mark and year MAI 1951
Classification number 339
100 1# - MAIN ENTRY--PERSONAL NAME
Personal name Marschak, Jacob
9 (RLIN) 9516
245 10 - TITLE STATEMENT
Title Income, employment, and the price level :
Remainder of title notes on lectures given at the University of Chicago, autumn 1948 and 1949 /
Statement of responsibility, etc. Jacob Marschak
260 ## - PUBLICATION, DISTRIBUTION, ETC. (IMPRINT)
Place of publication, distribution, etc. New York :
Name of publisher, distributor, etc. A. M. Kelley,
Date of publication, distribution, etc. c1951.
300 ## - PHYSICAL DESCRIPTION
Pagination 95 p. :
Illustrations ill ;
Size 26 cm.
650 #0 - SUBJECT ADDED ENTRY--TOPICAL TERM
Topical term or geographic name as entry element National income.
9 (RLIN) 12980
Topical term or geographic name as entry element Consumption (Economics)
9 (RLIN) 12981
942 ## - ADDED ENTRY ELEMENTS (KOHA)
Source of classification or shelving scheme Dewey Decimal Classification
Koha item type Books
Holdings
Lost status Source of classification or shelving scheme Damaged status Not for loan Collection code Permanent Location Current Location Shelving location Date acquired Source of acquisition Cost, normal purchase price Total Checkouts Full call number Date last seen Copy number Koha item type
  Dewey Decimal Classification   Not For Loan Non-fiction Central Library, University of Rajshahi Central Library, University of Rajshahi Reading Room 25/01/1963 Zeitlinger 9.00   339 MAI 1951 21/12/2013 C-1 Books
  Dewey Decimal Classification     Non-fiction Central Library, University of Rajshahi Central Library, University of Rajshahi   25/01/1963 Zeithinger 9.00   339 MAI 1951 08/08/2016 C-2 Books